000 00706nam a2200193 i 4500
001 170046
003 ES-MaACL
005 20230906214254.0
008 090119s1974 fr |||| | fre d
020 _a2-213-00051-4
080 _a782(038)
100 1 _aRosenthal, Harold.
_9139198
245 1 0 _aDictionnaire de l'opéra /
_cHarold Rosenthal, John Warrack ; traduit de l'anglais par Aziz Izzet ; revu et complété par Jacques Bourgeois et Eric Dechamps.
260 _aParis :
_bFayard,
_c1974.
300 _a[5], 420 p. ;
_c24 cm.
650 4 _aÓpera-
_vDiccionarios.
_915708
700 1 _aWarrack, John.
_9139199
852 4 _aES-MaACL
_jE-12396
_9R.140571
_z. - Biblioteca Jacinto Martínez Lacalle
999 _c170046
_d170046